00670nom a2200145 u 450000500170000000800410001704000250005824500610008330000630014450001310020765000320033865000460037065000260041671000820044220200104041609.0140130b2005 ck a |b|||| 00| 0 spa d aCO-BoIAVHcCO-BoIAVH aMariposas de Colombia :bColombia diversa por naturaleza a1 caja (52 naipes) :bilustraciones ;c9 x 7 centímetros aEn este juego de naipes, se reunieron 52 especies distintas de mariposas del país con el fin de dar a conocer su diversidad  4aMariposasvNaipeszColombia 4aMariposasvMaterial didácticoyColombia 6aLepidopterazColombia2 aInstituto de Investigación de Recursos Biológicos Alexander von Humboldt.